Heterocyclic Chemistry. Volume 5.

Na minha lista:
Detalhes bibliográficos
Formato: Livro
Publicado em: London : Royal Society of Chemistry, 1986
Tags: Adicionar Tag
Sem tags, seja o primeiro a adicionar uma tag!

MARC

LEADER 00000nam a22000003a 4500
001 stu17011
005 20150408181633.5
008 ------s1986----uk----------------------d
040 |a STU  |b slo 
041 0
044 |a uk 
080 |a 547.7  |7 stu_us_auth*stu15545 
245 |a Heterocyclic Chemistry. Volume 5. 
260 |a London :  |b Royal Society of Chemistry,  |c 1986 
300 |a 508 s :  |b Literatúra 
996 |b C82419  |c C*82419  |l CCIV  |s P  |a 0  |w stu17011_0001